| 000 | 00436nam a2200169Ia 4500 | ||
|---|---|---|---|
| 005 | 20250424120254.0 | ||
| 008 | 250424s9999 xx 000 0 und d | ||
| 022 | _a01897691 | ||
| 050 | _aTA 1 .J68/ | ||
| 245 | 0 | _aJournal of civil engineering | |
| 260 | _aAbuja | ||
| 260 | _bNigerian Institute of Civil Engineers | ||
| 260 | _c2015 | ||
| 300 | _a48 p. : ill. ; 29 cm. | ||
| 650 | _aCivil engineering--Periodicals. | ||
| 942 | _cSR | ||
| 999 |
_c38366 _d38366 |
||